| 000 | 01194nam0a22002891 4500 | ||
|---|---|---|---|
| 001 | v19\rc\1637366 | ||
| 005 | 20260407122010.0 | ||
| 035 | _a(NLR Aleph) 004751252 | ||
| 090 |
_a4538429 _c4538429 |
||
| 100 | _a20061002f19001909|||y0rusy50 ca | ||
| 101 | 0 | _arus | |
| 102 | _aRU | ||
| 105 | _ay z ||||| | ||
| 200 | 1 |
_aДоговор о торговле и мореплавании между Россией и Германией от 29 января (10 февраля) 1894 года, измененный согласно заключенной 15(28) июля 1904 года дополнительной конвенции к означенному договору _fРос. экспортная палата |
|
| 210 |
_a[Санкт-Петербург _d190-?] |
||
| 215 |
_a53 с. _d28 |
||
| 309 | _aБез тит. л. и обл. | ||
| 740 | 1 |
_aРоссия _tДоговоры _3RU\NLR\AUTH\889957979 _9412045 |
|
| 741 | 1 |
_aГермания _tДоговоры _3RU\NLR\AUTH\8810059179 _9619600 |
|
| 801 | 0 |
_aRU _bNLR _gpsbo |
|
| 801 | 0 |
_aRU _bRuMoRGB _2psbo |
|
| 801 | 1 |
_aRU _bProSoft-M _2rusmarc |
|
| 852 |
_aNLR _j64-8/613 |
||
| 899 | _aБАН | ||
| 942 | _cBOOK | ||
| 980 | _aNB | ||